Kariera trenerska Carlo Ancelottiego - Statystyki

Ogólne statystyki
  • Ten quiz został rozwiązany 175 razy
  • Średni wynik to 7 z 10
Statystyki odpowiedzi
Lata Odpowiedź % Poprawnych
2013-2015 Real Madryt
93%
2001-2009 Milan
87%
2019-teraz Everton
81%
2009-2011 Chelsea
77%
2016-2017 Bayern Monachium
75%
2018-2019 Napoli
74%
1999-2001 Juventus
72%
2012-2013 PSG
60%
1996-1998 Parma
42%
1995-1996 Reggiana
5%
Nie znaleziono quizów pasujących do podanych kryteriów
Rozkład punktacji
Procent ludzi z każdym wynikiem
Percentyl według liczby udzielonych odpowiedzi
Twoja historia wyników
Nie rozwiązałeś tego quizu